000 00532nmm a2200169Ia 4500
008 251105s9999||||xx |||||||||||||||||und||
020 _a847030674X
041 _aspa
100 _aArmiñán, Luís de
245 0 _aDon Manuel Bienvenida. El Papa Negro :
_b Vida y novela de un matador de toros
264 _a[Madrid, España] :
_bBiblioteca Nueva,
_c1999
300 _a320 páginas
490 _aLa Piel de toro
650 _aFolklore & Popular Culture
856 _uhttps://public.digitaliapublishing.com/a/2005
942 _cCF
999 _c73147
_d73147